Công nghệ vật liệu cơ bản trong ngành cơ khí

Wedi'i Gadw mewn:
Manylion Llyfryddiaeth
Prif Awdur: Lê Quang Huy
Fformat: Llyfr
Iaith:Undetermined
Cyhoeddwyd: H. ĐHSP 1998
Pynciau:
Tagiau: Ychwanegu Tag
Dim Tagiau, Byddwch y cyntaf i dagio'r cofnod hwn!
Thư viện lưu trữ: Trung tâm Học liệu Trường Đại học Cần Thơ
LEADER 00515nam a2200181Ia 4500
001 CTU_55640
008 210402s9999 xx 000 0 und d
020 |b 34000 
082 |a 620.11 
082 |b H523 
100 |a Lê Quang Huy 
245 0 |a Công nghệ vật liệu cơ bản trong ngành cơ khí 
245 0 |c Lê Quang Huy 
260 |a H. 
260 |b ĐHSP 
260 |c 1998 
650 |a materials science,strength of materials 
980 |a Trung tâm Học liệu Trường Đại học Cần Thơ